O Príncipe Negro (Registo nº 199882)

Detalhes MARC
000 -Etiqueta do registo
Valores 00533nam 22001933 4500
100 ## - Dados gerais de processamento
Dados gerais 20260113d u||y0pory50 ba
200 ## - Titulo e menção de responsabilidade
Título próprio O Príncipe Negro
Primeira menção de responsabilidade François Craenhals
210 ## - Publicação
Local de publicação Amadora
Nome do editor Livraria Bertrand
Data de publicação imp. 1982
215 ## - Descrição física 
Paginação / Volumes 63 p.
Outras indicações físicas il. ; encadernado
Dimensões 29 cm
225 ## - Colecção 
Título próprio da colecção Cavaleiro Ardente
606 ## - Nome comum usado como assunto
ID Autoridade 1586
Palavra de ordem Desenho Artístico
610 ## - Termos não controlados
Palavra de ordem Banda desenhada
675 ## - CDU
Notação 74
Edição PT
Língua por
700 ## - Autor principal (pessoa individual)
ID Autoridade 15707
Apelido Craenhals
Nome François
801 ## - Fonte de origem
País PT
Agência BMMN
Regras de catalogação RPC
830 ## - Notas gerais do catalogador
Criado por Isabel
990 ## - Elementos KOHA
Tipo de documento Livro
Exemplares
Situação do levantamento Biblioteca de origem Código de barras Cota Permissão de empréstimo Tipo de documento Forma de aquisição
  Biblioteca Municipal de Montemor-o-Novo 28920 74 CRA|AJ   Livro Compra

Powered by Koha